000 00425nam a22001697a 4500
003 SGT
020 _a9789380940236
082 _a336.AHU
100 _aAHUJA,GIRISH
245 _aSIMPLIFIED APPROACH TO INDIRECT TAXES
250 _a3RD
260 _aNEW DELHI
_bFLAIR
_c2016
300 _a280
650 _aPUBLIC FINANCE
653 _aINTRODUCTION TO INDIRECT TAXES,VAT,CENTRAL EXCIES,CUSTOMS DUTY,
942 _2ddc
_cFCM
_03
999 _c9152
_d9152